000 00597nam a2200229Ia 4500
003 OSt
005 20221006150347.0
006 a|||||r|||| 00| 0
007 ta
008 221006b |||||||| |||| 00| 0 eng d
024 _a18,351
037 _bGift,
_cTextual
040 _aEASL
_cEASL
_beng
041 _2eng
_aeng
082 _aP41,9, L7.1-.2
100 _aFOREIGN LNDUAGES PRESS
_9656446
245 0 _aBeijing. Book 1& 2
260 _c1977
300 _a120+130p.
_ccm.
942 _hP41,9, L7.1-.2
_cTEXL
_2CC
999 _c1086437
_d1086437